Normal view
MARC view
Entry Personal Name
001 - CONTROL NUMBER
- control field: 39494
003 - CONTROL NUMBER IDENTIFIER
- control field: ARRUPE
005 - DATE AND TIME OF LATEST TRANSACTION
- control field: 20180220142046.0
008 - FIXED-LENGTH DATA ELEMENTS
- fixed length control field: 180220|| aca||aabn | a|a d
040 ## - CATALOGING SOURCE
- Original cataloging agency: ARRUPE
- Transcribing agency: ARRUPE
100 ## - HEADING--PERSONAL NAME
- Personal name: Hombueger, L. (tr.)
670 ## - SOURCE DATA FOUND
- Source citation: Work cat.: (ARRUPE): Baumann, H. 39491, Les peuples et les civilisations de l'Afrique suive de les langues et l'education, 1970